000 01280cam a22003617a 4500
003 CHAP
005 20220329141414.0
008 971013s1988 r 00010 d
010 _a67659
011 _a68631
035 _a78104
040 _cCHAP
090 _aTesis
100 0 0 _aGodoy Angulo, Tirzo Paul.
_948480
245 0 _aEtiología de la pudrición radical de la okra (Hibiscus esculentus L.) en el Valle de Iguala, Guerrero
260 _aChapingo, Méx. :
_bEl autor,
_c1988
300 _a53 h. ilus.
_b; gráfs.
502 _aTesis (Maestro en Ciencias Esp. en Protección vegetal) -- UACH. Departamento de Parasitología Agrícola
590 _aALEPH
_b10
_c20130110
_lUCH01
_h1402
590 _aBATCH-UPD
_b10
_c20130110
_lUCH01
_h1637
590 _aBATCH-UPD
_b10
_c20130410
_lUCH01
_h1028
590 _aBATCH-UPD
_b10
_c20130913
_lUCH01
_h1903
590 _aCONVERSION
_b10
_c20130109
_lUCH01
_h1337
650 1 4 _aAbelmoschus esculentus.
_9207
650 1 4 _aFusarium solani.
_944097
650 1 4 _aMeloidogyne incognita.
_974432
650 1 4 _aPudrición de la raíz.
_992840
650 1 4 _aRhizoctonia solani.
_997134
901 _aBK
942 _cFOLL
949 _bBC
_cTES
_d-30978
_eTS1
_h20688
_i78104
_si
949 _bBC
_cTES
_d-59314
_eTS2
_fc.2
_h27122
_i78104
_si
999 _c67659
_d67659